000 00724cab a2200253 4500
001 ABS60028
008 090401t1999 xxu||||| |||| 00| 0 eng d
035 _a(Sirsi) u90740
041 _aeng
245 _aTop 100 surveyors
260 _c1999
350 _a0
490 _aEstates Gazette
_v(9902) 16 January 1999, 49-57(9)
520 _aLeague table of the top 100 commercial surveying firms ranked by UK and global turnover and profitability.
650 _aLEAGUE TABLES
650 _aPROFITABILITY
650 _aRANKINGS
650 _aSURVEYING FIRMS
650 _aSURVEYORS
650 _aTURNOVER
690 _aMANAGEMENT-BUSINESS MANAGEMENT-PROFESSIONAL PRACTICE
942 _n0
948 _c15/01/1999
999 _c57540
_d57540